| 000 | 00722nam a22002057a 4500 | ||
|---|---|---|---|
| 999 |
_c6775 _d6775 |
||
| 003 | AR-CdUCM | ||
| 008 | 190319b ||||| |||| 00| 0 spa d | ||
| 040 |
_aMUNICIPALIDAD PROVINCIAL DEL CUSCO _cBIBLIOTECA MUNICIPAL DEL CUSCO |
||
| 082 |
_a869.56 / _bS18 |
||
| 100 |
_aSalazar Bondy, Sebastián _9906 |
||
| 245 | _aPoemas / | ||
| 260 |
_aLima : _bMoncloa, _c1967. |
||
| 300 |
_a259 páginas ; _c22 cm. |
||
| 505 | _aContenido : Voz desde la vigilia -- Cuaderno de la persona oscura -- Mascara del que duerme -- Los ojos del prodigo Confidencia en alta voz ... | ||
| 650 |
_aPoesía peruana _9806 |
||
| 650 |
_aPoesía latinoamericana _92147 |
||
| 650 |
_aLiteratura peruana _9169 |
||
| 942 |
_2ddc _cLIBROS |
||
| 945 | _arah | ||